000 00598nam a2200241Ia 4500
003 OSt
005 20220918202651.0
006 a|||||r|||| 00| 0
007 ta
008 220917b |||||||| |||| 00| 0 eng d
024 _a102,938
037 _cTextual
040 _aARTS
_cARTS
_beng
041 _2eng
_aeng
082 _aV259:21wM00, A
100 _aKinghton William
_9104830
245 0 _aPrivate life of an eastern king
250 _a3rd
260 _c1800
650 _aHISTORY
942 _hV259:21wM00, A
_cTEXL
_2CC
999 _c226383
_d226383